[Event "Spandau Christmas op 6th"]
[Site "Spandau"]
[Date "2023.12.27"]
[Round "1"]
[White "Borowski, Przemyslaw"]
[Black "Foerster, Jonas"]
[Result "0-1"]
[WhiteElo "1763"]
[BlackElo "2275"]
[PlyCount "74"]
[EventDate "2023.12.27"]
[EventType "swiss"]
[EventRounds "7"]
[EventCountry "GER"]
[SourceTitle "CB01_2024"]
[SourceDate "2024.01.03"]
[SourceVersion "1"]
[SourceVersionDate "2024.01.03"]
[SourceQuality "1"]

1. d4 Nf6 2. Bg5 d5 3. Bxf6 gxf6 4. e3 c5 5. dxc5 Nc6 6. c3 e6 7. Nd2 Bxc5 8. Ngf3 0-0 9. Qa4 Kh8 10. Qh4 Rg8 11. Bd3 f5 12. Qxd8 Rxd8 13. Nb3 Be7 14. Nbd4 Bf6 15. Ne2 Bd7 16. 0-0-0 Ne5 17. Nxe5 Bxe5 18. g3 b5 19. Nd4 Rab8 20. b4 Kg7 21. Kb2 Kf6 22. f4 Bd6 23. Nf3 h6 24. Rhf1 a6 25. a3 Rbc8 26. Rc1 Rg8 27. Rg1 Ke7 28. a4 bxa4 29. Bxa6 Rb8 30. Ka3 f6 31. Rgd1 Rgd8 32. Rb1 Rb6 33. Be2 Rc8 34. Rdc1 e5 35. c4 dxc4 36. Rxc4 Rcb8 37. Bd1 Be6 0-1

[Event "POL-chT 2nd League"]
[Site "Jastrzebia Gora"]
[Date "2023.09.05"]
[Round "4.124"]
[White "Sasin, Michal"]
[Black "Borowski, Przemyslaw"]
[Result "1/2-1/2"]
[WhiteElo "1804"]
[BlackElo "1794"]
[PlyCount "102"]
[EventDate "2023.09.02"]
[EventType "team-swiss"]
[EventRounds "9"]
[EventCountry "POL"]
[SourceTitle "EXT 2024"]
[Source "ChessBase"]
[SourceDate "2023.10.10"]
[SourceVersion "1"]
[SourceVersionDate "2023.10.10"]
[SourceQuality "1"]
[WhiteTeam "Kalisz KTS"]
[BlackTeam "Zarow Goniec"]
[WhiteTeamCountry "POL"]
[BlackTeamCountry "POL"]

1. e4 c6 2. Nc3 d5 3. Nf3 Bg4 4. h3 Bh5 5. exd5 cxd5 6. Bb5+ Nc6 7. g4 Bg6 8. Ne5 Rc8 9. d4 e6 10. h4 f6 11. Bxc6+ bxc6 12. Nxg6 hxg6 13. Qd3 Kf7 14. h5 gxh5 15. Rxh5 Rxh5 16. gxh5 f5 17. Qg3 Bd6 18. Qg6+ Kf8 19. Qxe6 Qe8 20. Qxe8+ Rxe8+ 21. Kf1 Nf6 22. h6 g6 23. Bd2 Ne4 24. Nxe4 dxe4 25. Ke2 Kg8 26. Bg5 Kh7 27. f4 exf3+ 28. Kxf3 Re4 29. c3 Rg4 30. Bf6 g5 31. Re1 Kxh6 32. Re6 Bf4 33. Rxc6 Rg3+ 34. Kf2 Kh5 35. d5 Rd3 36. Bd4 g4 37. d6 g3+ 38. Ke2 Rd2+ 39. Kf3 g2 40. Bf2 Bxd6 41. b4 f4 42. a4 Rd3+ 43. Kxg2 Kg4 44. Rxd6 f3+ 45. Kf1 Rxd6 46. Bxa7 Ra6 47. Bd4 Rxa4 48. b5 Ra1+ 49. Kf2 Ra2+ 50. Kf1 Ra1+ 51. Kf2 Ra2+ 1/2-1/2

[Event "Wroclaw Anderssen Memorial op-B"]
[Site "Wroclaw"]
[Date "2023.??.??"]
[Round "6"]
[White "Borowski, Przemyslaw"]
[Black "Bednarczyk, Mateusz"]
[Result "1-0"]
[WhiteElo "1801"]
[BlackElo "1700"]
[PlyCount "89"]
[EventDate "2023.08.06"]
[EventType "swiss"]
[EventRounds "9"]
[EventCountry "POL"]
[SourceTitle "EXT 2024"]
[Source "ChessBase"]
[SourceDate "2023.10.10"]
[SourceVersion "1"]
[SourceVersionDate "2023.10.10"]
[SourceQuality "1"]

1. e4 c5 2. Nc3 d6 3. f4 Nc6 4. Nf3 g6 5. Bc4 Bg7 6. 0-0 e6 7. f5 exf5 8. d3 Ne5 9. Nxe5 Bxe5 10. Bf4 Nf6 11. exf5 Bxf5 12. Bb5+ Bd7 13. Bxe5 dxe5 14. Qf3 Bxb5 15. Nxb5 a6 16. Nc3 Qd4+ 17. Kh1 Nd7 18. Qxf7+ Kd8 19. Ne4 Kc7 20. c3 Qa4 21. Nxc5 Qc6 22. Nxd7 Qxd7 23. Qc4+ Qc6 24. Rf7+ Kb6 25. Qb4+ Qb5 26. Rf6+ Ka7 27. Qxb5 axb5 28. Re1 Rad8 29. Rf3 Rhe8 30. Rfe3 Rf8 31. Kg1 Kb6 32. Rf1 Rxf1+ 33. Kxf1 Rd5 34. Ke2 b4 35. cxb4 Kb5 36. Re4 Ka4 37. Ke3 g5 38. Rc4 Rb5 39. Ke4 b6 40. Kf5 h6 41. Ke6 h5 42. Kd6 g4 43. Kc6 Rxb4 44. Rxb4+ Kxb4 45. Kd5 1-0

[Event "Wroclaw Anderssen Memorial op-B"]
[Site "Wroclaw"]
[Date "2023.??.??"]
[Round "9"]
[White "Korolewicz, Pawel"]
[Black "Borowski, Przemyslaw"]
[Result "1-0"]
[WhiteElo "1715"]
[BlackElo "1801"]
[PlyCount "103"]
[EventDate "2023.08.06"]
[EventType "swiss"]
[EventRounds "9"]
[EventCountry "POL"]
[SourceTitle "EXT 2024"]
[Source "ChessBase"]
[SourceDate "2023.10.10"]
[SourceVersion "1"]
[SourceVersionDate "2023.10.10"]
[SourceQuality "1"]

1. c4 e5 2. g3 g6 3. Bg2 Bg7 4. Nc3 f5 5. e4 Ne7 6. d3 0-0 7. Nf3 Nbc6 8. 0-0 h6 9. a3 g5 10. exf5 Nxf5 11. Be3 d6 12. Rc1 Be6 13. b4 Nce7 14. Ne2 c6 15. d4 g4 16. Ne1 Nxe3 17. fxe3 Rxf1+ 18. Bxf1 Nf5 19. Ng2 Qg5 20. Rc3 Rf8 21. d5 Bd7 22. e4 Nd4 23. Nxd4 exd4 24. Rd3 cxd5 25. exd5 Bf5 26. Rd2 Be4 27. Nf4 Rxf4 28. gxf4 Qxf4 29. Rf2 Qg5 30. Qe2 Qe3 31. Qxg4 d3 32. Bg2 Qe1+ 33. Rf1 Qe3+ 34. Kh1 Bxg2+ 35. Kxg2 d2 36. Qe6+ Qxe6 37. dxe6 Bf6 38. Kf3 Kf8 39. Ke2 Ke7 40. Kxd2 Kxe6 41. Kd3 Be5 42. h3 Bf6 43. Ke4 h5 44. a4 b6 45. Rg1 a5 46. b5 Bc3 47. Rg6+ Bf6 48. Rxf6+ Kxf6 49. Kd5 Kg5 50. Kc6 Kh4 51. Kxb6 Kxh3 52. Kxa5 1-0

[Event "POL-chT 2nd League"]
[Site "Jastrzebia Gora"]
[Date "2022.09.04"]
[Round "2.100"]
[White "Rzeszowski, Dominik"]
[Black "Borowski, Przemyslaw"]
[Result "1-0"]
[WhiteElo "1855"]
[BlackElo "1889"]
[PlyCount "69"]
[EventDate "2022.09.03"]
[EventType "team-swiss"]
[EventRounds "9"]
[EventCountry "POL"]
[SourceTitle "CBM 210 Extra"]
[Source "ChessBase"]
[SourceDate "2022.11.30"]
[SourceVersion "1"]
[SourceVersionDate "2022.11.30"]
[SourceQuality "1"]
[WhiteTeam "Bialoleka Sparta"]
[BlackTeam "Zarow Goniec"]
[WhiteTeamCountry "POL"]
[BlackTeamCountry "POL"]

1. e4 c5 2. c3 g6 3. d4 Bg7 4. Nf3 cxd4 5. cxd4 Nf6 6. Nc3 d6 7. h3 0-0 8. Bd3 Nc6 9. Bg5 Qa5 10. Qd2 a6 11. 0-0 b5 12. e5 dxe5 13. dxe5 b4 14. exf6 exf6 15. Be3 bxc3 16. Qxc3 Qxc3 17. bxc3 f5 18. Rab1 Be6 19. c4 Rab8 20. Bf4 Rb4 21. Bd6 Rxb1 22. Rxb1 Rd8 23. c5 a5 24. Rb6 Nb4 25. Ba6 Nxa2 26. Bc7 Rd1+ 27. Kh2 Bc3 28. c6 a4 29. Bf4 Kg7 30. c7 Bd7 31. Ne5 Bc8 32. Bxc8 Ba5 33. Rc6 Nb4 34. Bb7 Bxc7 35. Rxc7 1-0

[Event "POL-chT 2nd League"]
[Site "Jastrzebia Gora"]
[Date "2022.09.03"]
[Round "1.10"]
[White "Borowski, Przemyslaw"]
[Black "Dubinski, Mateusz"]
[Result "1/2-1/2"]
[WhiteElo "1889"]
[BlackElo "2250"]
[PlyCount "51"]
[EventDate "2022.09.03"]
[EventType "team-swiss"]
[EventRounds "9"]
[EventCountry "POL"]
[SourceTitle "CBM 210 Extra"]
[Source "ChessBase"]
[SourceDate "2022.11.30"]
[SourceVersion "1"]
[SourceVersionDate "2022.11.30"]
[SourceQuality "1"]
[WhiteTeam "Zarow Goniec"]
[BlackTeam "Wroclaw Kopernik"]
[WhiteTeamCountry "POL"]
[BlackTeamCountry "POL"]

1. d4 d5 2. Bf4 c5 3. e3 Nc6 4. c3 Nf6 5. Nf3 Qb6 6. Qc2 cxd4 7. exd4 Bf5 8. Qb3 e6 9. Qxb6 axb6 10. Nbd2 h6 11. Bb5 Nd7 12. 0-0 g5 13. Bg3 f6 14. Rfe1 h5 15. h4 g4 16. Nh2 Na7 17. Be2 Kf7 18. f3 Bh6 19. Ndf1 Rhg8 20. fxg4 hxg4 21. Bf2 Bf8 22. Ng3 Bh7 23. Bxg4 f5 24. Bh5+ Bg6 25. Nf3 Bh6 26. Re2 1/2-1/2

[Event "Wroclaw op-A"]
[Site "Wroclaw"]
[Date "2021.08.07"]
[Round "8"]
[White "Borowski, Przemyslaw"]
[Black "Vanduyfhuys, Daria"]
[Result "0-1"]
[WhiteElo "1859"]
[BlackElo "2101"]
[PlyCount "58"]
[EventDate "2021.08.01"]
[EventType "swiss"]
[EventRounds "9"]
[EventCountry "POL"]
[SourceTitle "CBM 203 Extra"]
[Source "ChessBase"]
[SourceDate "2021.09.30"]
[SourceVersion "1"]
[SourceVersionDate "2021.09.30"]
[SourceQuality "1"]

1. e4 c5 2. Nc3 Nc6 3. f4 d6 4. Nf3 g6 5. Bc4 Bg7 6. 0-0 e6 7. f5 exf5 8. exf5 Bxf5 9. d3 Nge7 10. g4 Bxg4 11. Bxf7+ Kd7 12. Qe1 Ne5 13. Nxe5+ Bxe5 14. Ne4 Kc6 15. Bg5 Bf5 16. Qh4 Qf8 17. Bb3 Ng8 18. Rae1 h6 19. Nxc5 hxg5 20. Qa4+ b5 21. Qa6+ Kxc5 22. a4 Qe8 23. Rxf5 gxf5 24. c3 Qb8 25. Bxg8 Qb6 26. d4+ Bxd4+ 27. cxd4+ Kxd4 28. Rd1+ Ke5+ 29. Qxb6 axb6 0-1

[Event "POL-chT Academic"]
[Site "Chorzow"]
[Date "2021.05.15"]
[Round "1.15"]
[White "Kiolbasa, Oliwia"]
[Black "Borowski, Przemyslaw"]
[Result "1-0"]
[WhiteElo "2255"]
[BlackElo "1826"]
[PlyCount "57"]
[EventDate "2021.05.15"]
[EventType "team-swiss (rapid)"]
[EventRounds "9"]
[EventCountry "POL"]
[SourceTitle "CBM 202 Extra"]
[Source "ChessBase"]
[SourceDate "2021.07.31"]
[SourceVersion "1"]
[SourceVersionDate "2021.07.31"]
[SourceQuality "1"]
[WhiteTeam "Warsaw Kozminski Academy"]
[BlackTeam "Wroclaw Przyrodniczy Univ"]
[WhiteTeamCountry "POL"]
[BlackTeamCountry "POL"]

1. e4 c5 2. Nf3 e6 3. d4 cxd4 4. Nxd4 Nc6 5. Nc3 Qc7 6. Be2 a6 7. 0-0 Nf6 8. Be3 Be7 9. f4 d6 10. Qe1 Nxd4 11. Bxd4 0-0 12. Qg3 b5 13. a3 Bb7 14. Rae1 g6 15. f5 e5 16. Be3 Rfd8 17. Bh6 Nxe4 18. Nxe4 Bxe4 19. f6 Bf8 20. Bxf8 Kxf8 21. Qh4 Bd5 22. Qxh7 Ke8 23. Bg4 Qa7+ 24. Kh1 Be6 25. Bxe6 fxe6 26. f7+ Kf8 27. Qg8+ Ke7 28. f8Q+ Rxf8 29. Qg7+ 1-0

[Event "POL-chT 2nd League"]
[Site "Poronin"]
[Date "2020.09.05"]
[Round "1.15"]
[White "Bielczyk, Jacek"]
[Black "Borowski, Przemyslaw"]
[Result "1-0"]
[WhiteElo "2277"]
[BlackElo "1842"]
[PlyCount "109"]
[EventDate "2020.09.05"]
[EventType "team-swiss"]
[EventRounds "9"]
[EventCountry "POL"]
[SourceTitle "CBM 198 Extra"]
[Source "ChessBase"]
[SourceDate "2020.11.30"]
[SourceVersion "1"]
[SourceVersionDate "2020.11.30"]
[SourceQuality "1"]
[WhiteTeam "Chrzanow Olimpijczyk"]
[BlackTeam "Zarow Goniec"]
[WhiteTeamCountry "POL"]
[BlackTeamCountry "POL"]

1. e4 c5 2. Nf3 e6 3. Nc3 Nc6 4. d4 cxd4 5. Nxd4 Qc7 6. g3 a6 7. Bg2 Nf6 8. 0-0 Be7 9. Re1 Nxd4 10. Qxd4 e5 11. Qd3 h6 12. a4 0-0 13. Nd1 Rd8 14. Ne3 d6 15. b3 Be6 16. c4 Rab8 17. Bd2 Nd7 18. a5 Rbc8 19. h4 Nc5 20. Qc2 Re8 21. Rec1 b5 22. axb6 Qxb6 23. b4 Nd7 24. Qa4 Nb8 25. Nd5 Bxd5 26. cxd5 Qb7 27. Bh3 Rxc1+ 28. Rxc1 Rd8 29. Qa5 Qb5 30. Qxb5 axb5 31. Rc7 Kf8 32. Rb7 Na6 33. Rxb5 Rb8 34. Ra5 Nc7 35. Bd7 Bd8 36. Bc6 Ne8 37. Ra4 Nc7 38. Kf1 Nb5 39. Bxb5 Rxb5 40. Ra7 Ke8 41. Ra8 Kd7 42. Ke2 Kc7 43. Kd3 Rb8 44. Rxb8 Kxb8 45. h5 Kb7 46. f4 f6 47. Kc4 Ka6 48. b5+ Kb7 49. Bb4 Be7 50. Ba5 Kb8 51. Kd3 Kb7 52. Ke3 Kc8 53. Kf3 Kd7 54. Kg4 Ke8 55. b6 1-0

[Event "Polanica Zdroj op-C 56th"]
[Site "Polanica Zdroj"]
[Date "2020.08.19"]
[Round "5"]
[White "Maslo, Slawomir"]
[Black "Borowski, Przemyslaw"]
[Result "0-1"]
[WhiteElo "1740"]
[BlackElo "1790"]
[PlyCount "85"]
[EventDate "2020.08.15"]
[EventType "swiss"]
[EventRounds "9"]
[EventCountry "POL"]
[SourceTitle "CBM 198 Extra"]
[Source "ChessBase"]
[SourceDate "2020.11.30"]
[SourceVersion "1"]
[SourceVersionDate "2020.11.30"]
[SourceQuality "1"]

1. d4 c5 2. d5 Nf6 3. c4 b5 4. cxb5 a6 5. bxa6 g6 6. a7 Rxa7 7. Nc3 Ba6 8. e4 Bxf1 9. Kxf1 d6 10. g3 Bg7 11. Kg2 0-0 12. Nf3 Qb6 13. Re1 Na6 14. a4 Nb4 15. Nb5 Rb7 16. Nd2 Qa6 17. Ra3 Ne8 18. Nb1 Nc7 19. N1c3 Nxb5 20. Nxb5 c4 21. Re2 Nd3 22. Rc2 Rxb5 23. axb5 Qxb5 24. Qd2 f5 25. Ra5 Qb6 26. f4 Qd4 27. Qe2 g5 28. Ra4 gxf4 29. gxf4 fxe4 30. Be3 Qxd5 31. Raxc4 Rxf4 32. Kh1 Rf8 33. Rc8 Qe6 34. Rxf8+ Kxf8 35. Qh5 Qg6 36. Rc8+ Kf7 37. Qd5+ Qe6 38. Qh5+ Qg6 39. Qh4 Qf5 40. Kg1 Qxc8 41. Qxe4 Nxb2 42. Qxh7 Qg4+ 43. Kf1 0-1

[Event "POL-chT 2nd League"]
[Site "Jastrzebia Gora"]
[Date "2018.09.09"]
[Round "9.9"]
[White "Borowski, Przemyslaw"]
[Black "Krasiewicz, Robert"]
[Result "1-0"]
[WhiteElo "1807"]
[BlackElo "1965"]
[PlyCount "119"]
[EventDate "2018.09.01"]
[EventType "team-swiss"]
[EventRounds "9"]
[EventCountry "POL"]
[SourceTitle "CBM 186 Extra"]
[Source "ChessBase"]
[SourceDate "2018.08.24"]
[SourceVersion "1"]
[SourceVersionDate "2018.08.24"]
[SourceQuality "1"]
[WhiteTeam "Zarow Goniec"]
[BlackTeam "Zielonka Zieloni"]
[WhiteTeamCountry "POL"]
[BlackTeamCountry "POL"]

1. d4 d6 2. c4 e5 3. d5 f5 4. Nc3 Nf6 5. Qc2 g6 6. h4 Bg7 7. Bg5 h6 8. Bd2 0-0 9. 0-0-0 Na6 10. Kb1 Nc5 11. Qc1 f4 12. f3 Nh5 13. Be1 Bf5+ 14. e4 Bd7 15. Bf2 b6 16. Nge2 Kh7 17. Nb5 a6 18. Na3 Qb8 19. Rd2 Rf7 20. b4 Nb7 21. Rb2 Bf8 22. Nc3 Qd8 23. Be2 Be7 24. Nc2 Qe8 25. Ne1 Rf8 26. Nd3 Ng3 27. Bxg3 fxg3 28. Qe1 b5 29. cxb5 axb5 30. Qxg3 Ra3 31. Qe1 Qa8 32. Qd2 Qa7 33. Ne1 Qf2 34. Nxb5 Bxb5 35. Bxb5 Bxh4 36. Qxh6+ Kxh6 37. Rxf2 Kg5 38. Rc2 Rf7 39. Kb2 Ra8 40. Bc6 Rb8 41. Bxb7 Rxb7 42. Kb3 Bg3 43. Nd3 Bf4 44. Nxf4 Kxf4 45. a4 g5 46. a5 Rg7 47. a6 Ra7 48. b5 Ke3 49. Rh8 g4 50. Rb8 gxf3 51. gxf3 Kxf3 52. Rb7 Rxb7 53. axb7 Rg8 54. Rxc7 Rb8 55. Kb4 Kxe4 56. Ka5 Kxd5 57. Kb6 e4 58. Rc8 Rxb7+ 59. Kxb7 Kd4 60. Kc6 1-0

[Event "Pfalz op-B 9th"]
[Site "Neustadt an der Weinstrasse"]
[Date "2018.02.12"]
[Round "6"]
[White "Mock, Gabriel"]
[Black "Borowski, Przemyslaw"]
[Result "0-1"]
[WhiteElo "1575"]
[BlackElo "1805"]
[PlyCount "46"]
[EventDate "2018.02.09"]
[EventType "swiss"]
[EventRounds "7"]
[EventCountry "GER"]
[SourceTitle "CBM 182 Extra"]
[Source "ChessBase"]
[SourceDate "2018.02.23"]
[SourceVersion "1"]
[SourceVersionDate "2018.02.23"]
[SourceQuality "1"]

1. e4 c6 2. d4 d5 3. e5 Bf5 4. Nf3 e6 5. Be2 c5 6. c4 Nc6 7. 0-0 dxc4 8. Bxc4 cxd4 9. Bb5 Bc5 10. Qa4 Nge7 11. Bg5 0-0 12. Rd1 f6 13. exf6 gxf6 14. Bh6 Rf7 15. Nh4 a6 16. Be2 Nb4 17. Qb3 Bc2 18. Qxe6 Bxd1 19. Bc4 Qe8 20. Qxf6 Ned5 21. Qg5+ Kh8 22. Nd2 Qe1+ 23. Nf1 Qxf2+ 0-1